header

Ancient laws and modern problems (Record no. 49569)

MARC details
000 -LEADER
fixed length control field 01256nam a2200325Ia 4500
100 1# - MAIN ENTRY--AUTHOR NAME
Personal name Sassoon, John.
245 10 - TITLE STATEMENT
Title Ancient laws and modern problems
250 ## - EDITION STATEMENT
Edition statement Pbk. ed.
260 ## - PUBLICATION, DISTRIBUTION, ETC. (IMPRINT)
Place of publication Bristol, UK ;
-- Portland, OR :
Name of publisher Intellect Books,
Year of publication 2005.
300 ## - PHYSICAL DESCRIPTION
Number of Pages 220 p. :
Other physical details ill.
650 #0 - SUBJECT ADDED ENTRY--TOPICAL TERM
Topical Term Law, Assyro-Babylonian.
Topical Term Law, Sumerian.
856 40 - ELECTRONIC LOCATION AND ACCESS
Uniform Resource Identifier http://site.ebrary.com/lib/rucke/Doc?id=10084582

No items available.

© 2026 Rongo University
Contact us: librarian | system librarian | Rongo university